|
|
|
|
| LEADER |
01106nam a2200241 a 4500 |
| 001 |
27676 |
| 003 |
BD-DhAAL |
| 005 |
20141117104722.0 |
| 008 |
140205s2013 bg a a0ben d |
| 040 |
|
|
|a BD-DhAAL
|c BD-DhAAL
|
| 082 |
0 |
0 |
|a 330.09549205
|2 22
|
| 999 |
|
|
|c 14160
|d 14160
|
| 999 |
|
|
|c 14160
|
| 999 |
|
|
|c 12885
|
| 245 |
0 |
0 |
|a বাংলাদেশ অর্থনৈতিক সমীক্ষা ২০১৩
|
| 260 |
|
|
|a ঢাকা :
|b অর্থ বিভাগ, অর্থ মন্ত্রণালয়,
|c ২০১৩
|
| 300 |
|
|
|a xviii, ৩৬৮ পৃ. :
|c ২৮ সে.মি.
|b চিত্র ;
|
| 541 |
1 |
|
|e 27676
|
| 650 |
|
0 |
|a Bangladesh
|x Economic conditions
|v Periodicals
|9 3801
|
| 710 |
2 |
|
|a অর্থ বিভাগ, অর্থমন্ত্রণালয়
|b অর্থনৈতিক উপদেষ্টা অনুবিভাগ
|9 3802
|
| 852 |
1 |
|
|a Ayesha Abed Library
|j General shelf
|
| 942 |
|
|
|2 ddc
|c BK
|
| 952 |
|
|
|0 0
|1 0
|2 ddc
|4 0
|6 330_095492050000000_BAN
|7 0
|9 23872
|a BRACUL
|b BRACUL
|c GEN
|d 2014-02-05
|l 0
|o 330.09549205 BAN
|p 3010027676
|r 2014-02-05
|t 1
|w 2014-02-05
|y BK
|